| 000 | 00409nam a2200157Ia 4500 | ||
|---|---|---|---|
| 005 | 20240502025946.0 | ||
| 008 | 240331s9999 xx 000 0 und d | ||
| 020 | _a | ||
| 082 |
_bHAN _a1979 |
||
| 100 | _aSri Lanka school work, d | ||
| 245 | 0 | _aHandbook for estate creche workers | |
| 260 |
_acolombo _bThe Sri Lanka school of social work _c1979 |
||
| 300 | _a100 p ., | ||
| 650 | _aSocial | ||
| 942 | _cL | ||
| 999 |
_c2726 _d2726 |
||